Clermont Foot 63 Squad 2021-2022 - Statistics

General Stats
  • This quiz has been taken 7 times
  • The average score is 17 of 31
Answer Stats
# Position Nation Player % Correct
21 DF France Florent Ogier
100%
27 FW Guinea Mohamed Bayo
100%
25 MF France Johan Gastien
83%
- Coach France Pascal Gastien
83%
19 MF Ghana Salis Abdul Samed
83%
7 MF France Yohann Magnin
83%
36 DF Ghana Alidu Seidu
67%
15 DF Senegal Arial Mendy
67%
24 FW Benin Jodel Dossou
67%
9 FW Guadeloupe Jordan Tell
67%
22 MF Spain Oriol Busquets
67%
40 GK Guinea-Bissau Ouparine Djoco
67%
26 FW France Pierre-Yves Hamel
67%
6 MF Tunisia Saîf-Eddine Khaoui
67%
20 DF Algeria Akim Zedadka
50%
1 GK France Arthur Desmas
50%
4 DF Benin Cédric Hountondji
50%
18 FW Kosovo Elbasan Rashani
50%
8 MF France Jason Berthomier
50%
5 DF Cameroon Jean-Claude Billong
50%
11 FW Gabon Jim Allevinah
50%
10 MF Uruguay Jonathan Iglesias
50%
10 FW France Lucas Da Cunha
50%
12 DF DR Congo Vital N'Simba
50%
3 DF France Julien Boyer
33%
2 MF Ivory Coast Fred Gnalega
17%
9 FW France Grejohn Kyei
17%
23 DF France Jérôme Phojo
17%
17 DF French Guiana Josué Albert
17%
16 GK France Lucas Margueron
17%
29 MF France Naël Jaby
17%
No matching quizzes found
Score Distribution
Percent of People with Each Score
Percentile by Number Answered
Your Score History
You have not taken this quiz